| 000 | 00497nam a22001577a 4500 | ||
|---|---|---|---|
| 008 | 160805b xxu||||| |||| 00| 0 eng d | ||
| 020 | _a8170080584 | ||
| 050 | _aHD 69 .P86 1987 | ||
| 100 |
_aPunmia, B. C. _d1987. |
||
| 245 | _aProject planning and control with PERT abd CPM. | ||
| 260 |
_aIndia; _bLAXMI publications, _c1987. |
||
| 300 |
_a231 p. : ill. _bIncludes index. |
||
| 650 | _aProject planning. | ||
| 700 | _aKhandelwal, K. K. | ||
| 942 |
_2lcc _cBOOKS _hHD 69 .P86 1987 |
||
| 999 |
_c12688 _d12688 |
||